| 000 | 02389ncm0a2200409 4500 | ||
|---|---|---|---|
| 001 | RU\NLR\ONIZ\308893 | ||
| 005 | 20260315072852.0 | ||
| 035 | _a(NLR Aleph) 022751095 | ||
| 071 | 2 | 0 | _a11442 |
| 090 |
_a13634984 _c13634984 |
||
| 100 | _a20251222d1939 u y0rusy50 ca | ||
| 101 | 0 | _arus | |
| 102 | _aRU | ||
| 125 | _ac| | ||
| 128 | _aco | ||
| 145 | 0 | _ab | |
| 200 | 1 |
_aКонцерт для двух скрипок и фортепиано a-moll _bНоты _e[op. 3 № 8 _eRV 522] _fА. Вивальди _gредакция Т. Нашэ |
|
| 203 |
_aМузыка _bзнаковая _bвизуальная _cнепосредственная |
||
| 210 |
_aМосква _aЛенинград _cГосударственное музыкальное издательство _d1939 |
||
| 215 |
_a20 с., 2 парт. _d31 см |
||
| 313 | _aСистематизация документа проведена по изданию - Методика классифицирования музыкальных произведений (нотных изданий) по таблицам Библиотечно-библиографических классификаций : метод. рекомендации / Гос. б-ка СССР им. В.И. Ленина.- М., 1977. Индексу ББК методических рекомендаций присваивается код ББК для научных библиотек - LBC/SL | ||
| 606 | 1 |
_aСкрипичная музыка итальянская _z17-18 вв. _jНоты _2nlr_sh |
|
| 606 | 1 |
_aМузыкальные произведения для 2 скрипок с фортепиано _yИталия _z17-18 вв. _jНоты _2nlr_sh |
|
| 606 | 1 |
_aКонцерты для 2 скрипок с фортепиано _yИталия _z17-18 вв. _2nlr_sh |
|
| 686 | 0 | _aЩ952.549-042(4Ит)Фп | |
| 700 | 1 |
_9z01790 _aВивальди _bА. Л. _f1678-1741 _gАнтонио Лучо _4230 _7ca |
|
| 702 | 1 |
_9z02790 _aНачез (Наше) _bТ. _f1859-1930 _gТивадар _4340 _7ca |
|
| 790 | 1 |
_9z01700 _aVivaldi _bA. L. _f1678-1741 _gAntonio Lucio _4230 _7ba |
|
| 790 | 1 |
_9z02702 _aNachéz _bT. _f1859-1930 _gTivadar _4340 _7ba |
|
| 801 | 0 |
_aRU _bNLR _c20251222 _gPSBO |
|
| 801 | 1 |
_aRU _bNLR _c20251222 _2rusmarc |
|
| 801 | 2 |
_aRU _bNLR _c20251222 |
|
| 852 |
_aNLR _jМ К-4/6830 _m274526 _t1 |
||
| 942 | _cSCORE | ||
| 980 | _aONIZ | ||
| 980 | _aNB | ||